00725cam a22002411 4500001001300000003000400013005001700017008004100034010001700075025002000092035002000112040001700132042001200149050001900161100002500180245002100205260003700226300001800263500006400281500007800345700004300423999001700466sa 65006872 DLC20260227112145.0931105s1963 io 000 1 sun  asa 65006872  aPL480:Indo-1860 a(OCoLC)29252953 aDLCcCUdDLC apremarc00aPL5454.A57bD41 aAmin, Sjarif,d1907-10aKembang patapan. aBandung,b"Pelita Masa"c[1963?] a88 p.c17 cm. aNovelization, in Sundanese, of Sanoesi Pané's Kertadjaja. aThe novelization was first published in 1933 under title: Déwi Amisani.1 aPane, Sanusi,d1905-1968.tKertadjaja. c64915d64915